Ty Dolla $ign Discography - Statistics

General Stats
  • This quiz has been taken 14 times
  • The average score is 5 of 13
Answer Stats
Year Name Type % Correct
2012 Beach House Mixtape
100%
2017 Beach House 3 Album
100%
2015 Free TC Album
100%
2013 Beach House 2 Mixtape
83%
2016 Campaign Mixtape
58%
2011 House on the Hill Mixtape
25%
2015 Airplane Mode Mixtape
8%
2011 Back Up Drive Vol. 1 Mixtape
8%
2012 Back Up Drive Vol. 2 Mixtape
8%
2013 Beach House EP EP
8%
2014 $ign Language Mixtape
8%
2015 Talk About It in the Morning EP (Collab)
8%
2012 Whoop! Mixtape (Collab)
8%
No matching quizzes found
Score Distribution
Percent of People with Each Score
Percentile by Number Answered
Your Score History
You have not taken this quiz